Project approach in agricultural financing: a study of the Gujrat state cooperative land development bank (Record no. 229355)

MARC details
000 -LEADER
fixed length control field 00420nam a2200145Ia 4500
008 - FIXED-LENGTH DATA ELEMENTS--GENERAL INFORMATION
fixed length control field 230917s9999||||xx |||||||||||||| ||und||
040 ## - CATALOGING SOURCE
-- 70497
Original cataloging agency VIVEKANANDA LIBRARY
041 ## - Language
-- English
082 ## - DDC NUMBER
Classification number 338.13 D451P
100 ## - MAIN ENTRY--PERSONAL NAME
Personal name Desai, B M
245 #0 - TITLE STATEMENT
Title Project approach in agricultural financing: a study of the Gujrat state cooperative land development bank
260 ## - PUBLICATION, DISTRIBUTION, ETC. (IMPRINT)
Place of publication, distribution, etc Ahmedabad
Name of publisher, distributor, etc I I M
Date of publication, distribution, etc 1981
300 ## - PHYSICAL DESCRIPTION
Pages 64 p.
942 ## - ADDED ENTRY ELEMENTS (KOHA)
Koha item type Books
Holdings
Withdrawn status Lost status Damaged status Not for loan Location (home branch) Sublocation or collection (holding branch) Date acquired Koha issues (times borrowed) Koha full call number Accession No. Koha date last seen Koha item type
        VIVEKANANDA LIBRARY VIVEKANANDA LIBRARY 31/01/2003   338.13 D451P 97401 17/09/2023 Books
© Designed and Maintained by Vivekananda Library, MDU Rohtak